Capitales des Régions Pokémon - Statistiques

Statistiques générales
  • Ce quiz a été pris 47 fois
    22 depuis la dernière actualisation
  • Le résultat moyen est 5 sur 12
Statistiques - réponses
Hint Réponse % Correct
Kalos Illumis
89%
Kanto Safrania
78%
Johto Doublonville
67%
Sinnoh Féli-Cité
50%
Alola Ekaeka
44%
Galar Winscor
44%
Hisui Féli-Cité (village) "Rusti-Cité"
33%
Hoenn Mérouville
33%
Unys Volucité
28%
Paldea Mesaledo
17%
Îles Sevii Île 1 (ville)
11%
Rhode Phénacit
6%
Aucun quiz correspondant
Distribution des résultats
% des personnes avec chaque résultat
Percentile par nombre de réponses
Votre historique - résultats
Vous n’avez pas pris ce quiz depuis la dernière actualisation